| 000 -CABECERA |
| Longitud fija campo de control |
00607nam a2200205 a 4500 |
| 001 - NÚMERO DE CONTROL |
| Número de control |
3788 |
| 003 - IDENTIFICADOR DEL NÚMERO DE CONTROL |
| Identificador del número de control |
CDMR |
| 005 - FECHA Y HORA DE LA ÚLTIMA TRANSACCIÓN |
| Fecha y hora de la última transacción |
20131202125502.0 |
| 008 - CÓDIGOS DE INFORMACIÓN DE LONGITUD FIJA |
| Códigos de información de longitud fija |
130130s1988||||||||||||||||||||||||||||d |
| 020 ## - NÚMERO INTERNACIONAL NORMALIZADO PARA LIBROS |
| Número Internacional Normalizado para Libros (ISBN) |
0870949764 |
| 040 ## - FUENTE DE LA CATALOGACIÓN |
| Centro catalogador de origen |
CDMR |
| Lengua de catalogación |
cat |
| Centro transcriptor |
CDMR |
| 100 1# - PUNTO DE ACCESO PRINCIPAL-NOMBRE DE PERSONA |
| Nombre de persona |
Ailes, Roger |
| 9 (RLIN) |
2682 |
| 245 10 - MENCIÓN DE TÍTULO |
| Título |
You are the message |
| Resto del título |
: secrets of the Master Communicators |
| Mención de responsabilidad, etc. |
Roger Ailes, with Jon Kraushar |
| 260 ## - PUBLICACIÓN, DISTRIBUCIÓN, ETC. (PIE DE IMPRENTA) |
| Lugar de publicación, distribución, etc. |
Homewood (Illinois) |
| Fecha de publicación, distribución, etc. |
1988 |
| Nombre del editor, distribuidor, etc. |
Dow Jones-Irwin |
| 300 ## - DESCRIPCIÓN FÍSICA |
| Extensión |
185 p ; |
| Dimensiones |
23 cm |
| 650 04 - PUNTO DE ACCESO ADICIONAL DE MATERIA - TÉRMINO DE MATERIA |
| 9 (RLIN) |
2798 |
| Término de materia o nombre geográfico como elemento inicial |
Comunicació en l'empresa |
| 650 04 - PUNTO DE ACCESO ADICIONAL DE MATERIA - TÉRMINO DE MATERIA |
| 9 (RLIN) |
3396 |
| Término de materia o nombre geográfico como elemento inicial |
Màrqueting |
| 650 04 - PUNTO DE ACCESO ADICIONAL DE MATERIA - TÉRMINO DE MATERIA |
| 9 (RLIN) |
3130 |
| Término de materia o nombre geográfico como elemento inicial |
Comunicació oral |
| 942 ## - ENTRADA DE ELEMENTOS AGREGADOS (KOHA) |
| Koha [por defecto] tipo de item |
Monografies |
| Fuente de clasificaión o esquema |
|